000 00630nam a22001577a 4500
082 _a624
_bPUN
110 _aGovt of the Punjab
_951528
245 _aPunjab Geometric design manual
_bFor Street, Highways & Expressways
250 _aVol-I and Vol-II
260 _aPunjab,
_bUrban Sector planning and management service unit,
_c2012.
300 _adifferent pages
500 _aDesign criteria process and plan preparation, design geo metrics control parameters, roadway and roadside facilities, road utilities,
526 _a0
_b0
_c0
_d624_000000000000000_PUN
526 _a0
_b0
_c0
_d624_000000000000000_PUN
942 _2ddc
_cBK
999 _c554217
_d554217